000 00633cam a2200217 i 4500
001 866559
005 20180212032600.0
008 800721s1980 aluaf 001 0 eng
010 _a 79083705
020 _a0848704940 :
_c$17.95
040 _aDLC
_cDLC
_dDLC
041 _aeng
080 _a745.5 JOH
082 0 0 _a745.5 JOH
_219
100 1 _a44
101 _aART
245 1 0 _aNaturecrafts :
_cMary Elizabeth Johnson and Katherine Pearson ; [editor, Candace N. Conard].
740 _aNature crafts.
906 _a7
_bcbc
_corignew
_d2
_eopcn
_f19
_gy-gencatlg
942 _2ddc
_cBK
999 _c42283
_d42283